Univerzálne možnosti využitia traktorového lanového systému Larix Kombi v lanovkových terénoch

Bibliographic Details
Main Author: Formánek, Vojtěch (Author)
Format: Article
Language:Slovak
PhysicalDescription:Fotogr., obr.
ISSN:1336-0612
Subjects:

MARC

LEADER 00000nab a2200000 a 4500
001 vtls000849844
003 SK-MaSNL
005 20260304172839.0
008 250526c2003 xo 0 slo
015 |a SNBRB2003/10-29630 
035 |a CLN000201499 
035 |a urn:nbn:sk:snk-ab27q4 
035 |a (urnnbn)urn:nbn:sk:snk:ar-a01w82 
035 |a (uuid)86ac4215-3ed9-409c-952d-2c4bb24aabe5 
040 |a SNKBUCL  |b slo  |c SNKBUCL  |e AACR2 
041 0 |a slo 
044 |a xo  |c SK 
080 |a 630*36:625.57  |2 UDC-MRF-SK2 
080 |a 625.57  |2 UDC-MRF-SK2 
100 1 |a Formánek, Vojtěch  |4 aut  |9 1502688 
245 1 0 |a Univerzálne možnosti využitia traktorového lanového systému Larix Kombi v lanovkových terénoch  |c Vojtěch Formánek 
300 |b Fotogr., obr. 
650 0 7 |a drevo  |x približovanie  |x systémy lanové traktorové  |2 snkbucl  |9 1502689 
650 0 7 |a systémy lanové traktorové  |2 snkbucl  |9 1502690 
650 0 7 |a Larix Kombi (lanový systém)  |2 snkbucl  |9 1502691 
655 7 |a články z novín a časopisov  |2 snkbucl  |9 267496 
773 0 |t Slovenské lesokruhy  |g Č. 7-8 (2003), s. 15-16  |x 1336-0612 
850 |a Slovenská národná knižnica 
852 |a Slovenská národná knižnica 
958 |a ONDV 
958 |a article27 
999 |c 3000321  |d 3002251